000 01052cam a22003371 4500
001 74707
003 BD-RjUL
005 20211209082606.0
008 720919s1963 njua 000 0 eng
035 _a(BD-RjUL)
035 _a(OCoLC)74925
040 _aDLC
_cODaWU
_dOCoLC
_dNBrockU
_dUk
_dDLC
_beng
041 _aeng
042 _apremarc
043 _aa-bt---
_aa-np---
_aa-sk---
082 _a915.42
_223
_bKAM 1963
100 1 _aKaran, Pradyumna P.
_q(Pradyumna Prasad)
_9225175
245 1 4 _aThe Himalayan kingdoms: Bhutan, Sikkim, and Nepal,
_cby Pradyumna P. Karan and Willian M. Jenkins, Jr.
260 _aPrinceton, N.J.,
_bVan Nostrand
_c[1963]
300 _a144 p.
_billus.
_c21 cm.
490 0 _aVan Nostrand searchlight book
_v#13
651 0 _aBhutan.
_972111
651 0 _aNepal.
_9225176
651 0 _aSikkim (India)
_9225177
700 1 _aJenkins, William M.,
_9225343
906 _a7
_bcbc
_coclcrpl
_du
_encip
_f19
_gy-gencatlg
942 _2ddc
_cBK
999 _c74707
_d74707